Normale Ansicht MARC-Ansicht

Eintrag Personenname

Verwendet in 1 Titel(n)

001 - Kontrollnummer

  • Kontrollfeld: 68469

003 - Kontrollnummer Identifier

  • Kontrollfeld:

005 - Datum und Zeit der letzten Transaktion

  • Kontrollfeld: 20260217171754.0

008 - Datenelemente mit fester Länge

  • Kontrollfeld mit fester Länge: 260217|| aca||aabn | a|a d

040 ## - Katalogisierungsquelle

  • Original-Katalogisierungsstelle:
  • Übertragungsstelle:

100 ## - Ansetzung - Personenname

  • Personenname: Mühlfried, Florian
  • Datumsangaben in Verbindung mit einem Namen: 1970-

670 ## - Datenquelle

  • Quellenangabe: Work cat.: ()73754: Mühlfried, Florian 1970- VerfasserIn (DE-588)13188090X (DE-627)515960411 (DE-576)255921543 aut, Being a state and states of being in highland Georgia